000 00408nam a2200157Ia 4500
008 230917s9999||||xx |||||||||||||| ||und||
040 _e179944
_aMAIN
041 _aEnglish
082 _a412 V438I(17)
100 _aVarshney, Radhey L
245 0 _aIntroductory textbook of linguistics and phonetics
250 _a17th ed.
260 _aBareilly
_bStudent Store
_c2009
300 _a413 p.
942 _cBK
999 _c151198
_d151198